|
|
|
|
| LEADER |
03325nam a22004575i 4500 |
| 001 |
978-3-642-14837-8 |
| 003 |
DE-He213 |
| 005 |
20151116133427.0 |
| 007 |
cr nn 008mamaa |
| 008 |
100929s2010 gw | s |||| 0|eng d |
| 020 |
|
|
|a 9783642148378
|9 978-3-642-14837-8
|
| 024 |
7 |
|
|a 10.1007/978-3-642-14837-8
|2 doi
|
| 040 |
|
|
|d GrThAP
|
| 050 |
|
4 |
|a QD415-436
|
| 072 |
|
7 |
|a PNN
|2 bicssc
|
| 072 |
|
7 |
|a SCI013040
|2 bisacsh
|
| 082 |
0 |
4 |
|a 547
|2 23
|
| 245 |
1 |
0 |
|a Carbohydrates in Sustainable Development I
|h [electronic resource] /
|c edited by Amélia P. Rauter, Pierre Vogel, Yves Queneau.
|
| 264 |
|
1 |
|a Berlin, Heidelberg :
|b Springer Berlin Heidelberg :
|b Imprint: Springer,
|c 2010.
|
| 300 |
|
|
|a XIV, 202 p. 130 illus., 8 illus. in color.
|b online resource.
|
| 336 |
|
|
|a text
|b txt
|2 rdacontent
|
| 337 |
|
|
|a computer
|b c
|2 rdamedia
|
| 338 |
|
|
|a online resource
|b cr
|2 rdacarrier
|
| 347 |
|
|
|a text file
|b PDF
|2 rda
|
| 490 |
1 |
|
|a Topics in Current Chemistry,
|x 0340-1022 ;
|v 294
|
| 505 |
0 |
|
|a Sucrose: A Prospering and Sustainable Organic Raw Material -- Sucrose-Utilizing Transglucosidases for Biocatalysis -- Difructose Dianhydrides (DFAs) and DFA-Enriched Products as Functional Foods -- Development of Agriculture Left-Overs: Fine Organic Chemicals from Wheat Hemicellulose-Derived Pentoses -- Cellulose and Derivatives from Wood and Fibers as Renewable Sources of Raw-Materials -- Olive Pomace, a Source for Valuable Arabinan-Rich Pectic Polysaccharides -- Oligomannuronates from Seaweeds as Renewable Sources for the Development of Green Surfactants -- From Natural Polysaccharides to Materials for Catalysis, Adsorption, and Remediation.
|
| 520 |
|
|
|a Sucrose: A Prospering and Sustainable Organic Raw Material,By S. Peters, T. Rose, and M. Moser; Sucrose-Utilizing Transglucosidases for Biocatalysis, By I. André, G. Potocki-Véronèse, S. Morel, P. Monsan, and M. Remaud-Siméon; Difructose Dianhydrides DFAs) and DFA-Enriched Products as Functional Foods, By C. Ortiz Mellet and J. M. García Fernández; Development of Agriculture Left-Overs: Fine Organic Chemicals from Wheat Hemicellulose-Derived Pentoses, By F. Martel, B. Estrine, R. Plantier-Royon, N. Hoffmann, and C. Portella; Cellulose and Derivatives from Wood and Fibers as Renewable Sources of Raw-Materials, By J.A. Figueiredo, M.I. Ismael, C.M.S. Anjo, and A.P. Duarte; Olive Pomace, a Source for Valuable Arabinan-Rich Pectic Polysaccharides,By M. A. Coimbra, S. M. Cardoso, and J. A. Lopes-da-Silva; Oligomannuronates from Seaweeds as Renewable Sources for the Development of Green Surfactants,By T. Benvegnu and J.-F. Sassi; From Natural Polysaccharides to Materials for Catalysis, Adsorption, and Remediation, By F. Quignard, F. Di Renzo, and E. Guibal.
|
| 650 |
|
0 |
|a Chemistry.
|
| 650 |
|
0 |
|a Organic chemistry.
|
| 650 |
1 |
4 |
|a Chemistry.
|
| 650 |
2 |
4 |
|a Organic Chemistry.
|
| 700 |
1 |
|
|a Rauter, Amélia P.
|e editor.
|
| 700 |
1 |
|
|a Vogel, Pierre.
|e editor.
|
| 700 |
1 |
|
|a Queneau, Yves.
|e editor.
|
| 710 |
2 |
|
|a SpringerLink (Online service)
|
| 773 |
0 |
|
|t Springer eBooks
|
| 776 |
0 |
8 |
|i Printed edition:
|z 9783642148361
|
| 830 |
|
0 |
|a Topics in Current Chemistry,
|x 0340-1022 ;
|v 294
|
| 856 |
4 |
0 |
|u http://dx.doi.org/10.1007/978-3-642-14837-8
|z Full Text via HEAL-Link
|
| 912 |
|
|
|a ZDB-2-CMS
|
| 950 |
|
|
|a Chemistry and Materials Science (Springer-11644)
|